000 00788cad a22002175a 4500
001 E155070
008 120227s2012 xxk f 000 0 eng d
020 _a9781780456836
035 _a(Sirsi) u155070
041 0 _aeng
110 2 _aScotland
_bScottish Government
_95344
245 0 0 _aGuidance on householder permitted development rights
_h[electronic resource]
260 _aEdinburgh
_bScottish Government
_c2012
490 0 _aPlanning Circular
_v(1/2012)
520 _aSets out what can be built without having to apply for planning permission.
590 _aKA
651 4 _aScotland
_y1999-
690 _aPlanning and development
_96259
856 4 0 _uhttps://www.scotland.gov.uk/Publications/2012/02/9140
_zView the circular free of charge at www.scotland.gov.uk
942 _n0
999 _c113307
_d113307